000 00531cam a2200157 a 4500
020 _a0442018452 (hardcover)
082 0 0 _a665.542
_bDIG
_cD
100 1 _aDiGrado, Brian D.
_944834
245 1 4 _aThe aboveground steel storage tank handbook /
_cBrian D. DiGrado and Gregory A. Thorp.
260 _aNew York :
_bVan Nostrand Reinhold,
_cc1995.
300 _axv, 350 p. :
_bill. ;
_c25 cm.
526 _a0
_b0
_c0
_d665_542000000000000_DIG
650 0 _aOil storage tanks.
_944835
700 1 _aThorp, Gregory A.
_944836
942 _2ddc
_cBK
999 _c548501
_d548501